000
00327nam a22001457a 4500
005
20180412155207.0
008
160629b xxu||||| |||| 00| 0 eng d
041
_a
eng
082
_b
10874
_a
348
245
_a
The Industrial Disputes Acts 1947
260
_b
Current
300
_a
120
650
_a
Management
_9
241
942
_c
BK
999
_c
4783
_d
4781